| 000 | 00952nam a2200277 i 4500 | ||
|---|---|---|---|
| 001 | 7181 | ||
| 003 | BD-RjUL | ||
| 005 | 20211208234357.0 | ||
| 008 | 130114s1932 enk 000 0 eng d | ||
| 035 | _a(OCoLC)ocm03947993 | ||
| 035 | _a(BD-RjUL)7223 | ||
| 040 |
_aCOI _cCOI _dOCL _dCSU _dBD-RjUL _beng |
||
| 041 | _aeng | ||
| 082 |
_a501.2 _bTEP 1932 |
||
| 090 |
_aBD241 _b.T4 |
||
| 100 | 1 |
_aTennant, Frederick Robert, _d1866-1957. _922466 |
|
| 245 | 1 | 0 |
_aPhilosophy of the sciences : _bor the relations between the departments of knowledge / _c F. R. Tennant. |
| 260 |
_aCambridge [Eng.] : _bThe University Press, _c1932. |
||
| 300 |
_aix, 191 p. ; _c18 cm. |
||
| 500 | _a"This volume contains the Tarner lectures for 1931-1932, substantially in the form in which they were delivered." | ||
| 650 | 0 |
_aClassification of sciences. _91790 |
|
| 830 | 0 |
_v1931-1932. _922478 |
|
| 830 | 0 |
_aTarner lectures ; _922479 |
|
| 942 |
_2ddc _cBK |
||
| 999 |
_c7181 _d7181 |
||